[Event "Rio de Janeiro-ch Carioca"]
[Site "Rio de Janeiro"]
[Date "1986.05.22"]
[Round "3"]
[White "Ferreira, Oscar Vieira"]
[Black "Porthos, Dirceu A Jr"]
[Result "1/2-1/2"]
[WhiteElo "2004"]
[BlackElo "1877"]
[PlyCount "69"]
[EventDate "1986.05.17"]
[EventType "swiss"]
[EventRounds "9"]
[EventCountry "BRA"]
[SourceTitle "EXT 2007"]
[Source "ChessBase"]
[SourceDate "2006.11.23"]
[SourceVersion "1"]
[SourceVersionDate "2006.11.23"]
[SourceQuality "1"]

1. e4 c5 2. Nc3 Nc6 3. Nf3 g6 4. d4 cxd4 5. Nxd4 Bg7 6. Be3 Nf6 7. Nxc6 bxc6 8. e5 Ng8 9. Bd4 f6 10. f4 Nh6 11. Bc4 Nf5 12. exf6 exf6 13. Qe2+ Qe7 14. Qxe7+ Kxe7 15. Bf2 d5 16. Bc5+ Kf7 17. Bb3 Re8+ 18. Kf2 Bf8 19. Bxf8 Kxf8 20. Rhe1 Ba6 21. Na4 Nd6 22. Nc5 Bc4 23. Ba4 Bb5 24. Bxb5 cxb5 25. Rad1 Rxe1 26. Rxe1 Rc8 27. Ne6+ Kf7 28. Nd4 Rc4 29. Rd1 Nf5 30. c3 Nd6 31. Ne2 Ke6 32. Kf3 b4 33. g4 Ne4 34. b3 Nxc3 35. Rc1 1/2-1/2

[Event "Rio de Janeiro-ch Carioca"]
[Site "Rio de Janeiro"]
[Date "1986.05.17"]
[Round "1"]
[White "Farias, Sergio A"]
[Black "Porthos, Dirceu A Jr"]
[Result "1-0"]
[WhiteElo "2166"]
[BlackElo "1877"]
[PlyCount "79"]
[EventDate "1986.05.17"]
[EventType "swiss"]
[EventRounds "9"]
[EventCountry "BRA"]
[SourceTitle "EXT 2007"]
[Source "ChessBase"]
[SourceDate "2006.11.23"]
[SourceVersion "1"]
[SourceVersionDate "2006.11.23"]
[SourceQuality "1"]

1. d4 Nf6 2. c4 g6 3. Nc3 d5 4. Nf3 Bg7 5. Bg5 Ne4 6. cxd5 Nxg5 7. Nxg5 e6 8. Nf3 exd5 9. e3 0-0 10. Bd3 Re8 11. 0-0 c6 12. b4 a5 13. a3 b5 14. Qb3 a4 15. Qc2 f5 16. Ne2 Qd6 17. Rac1 Bb7 18. Nf4 Nd7 19. h4 Nb6 20. Qc5 Qxc5 21. Rxc5 Bf8 22. Rc3 Nc4 23. h5 Kg7 24. hxg6 hxg6 25. Nh4 Bd6 26. Nhxg6 Bxf4 27. Nxf4 Rh8 28. Bxf5 Kf6 29. Bd3 Rag8 30. Bxc4 dxc4 31. f3 Rg3 32. Kf2 Rg7 33. Rcc1 Bc8 34. Rh1 Rgh7 35. Rxh7 Rxh7 36. e4 Kg5 37. Ke3 Rh4 38. Ne2 Rh2 39. Rg1 Be6 40. Nc3 1-0